Programovanie NTX Robotov. Riadenie veternej elektrárne bakalárska práca
Enregistré dans:
| Auteur principal: | |
|---|---|
| Format: | Livre |
| Langue: | slovaque |
| Publié: |
Bratislava
STU FCHPT
2013
|
| Accès en ligne: | Voir à l'OPAC |
| Tags: |
Pas de tags, Soyez le premier à ajouter un tag!
|
MARC
| LEADER | 00000nam a2200000 a 4500 | ||
|---|---|---|---|
| 005 | 20260127134414.0 | ||
| 008 | 131030 2013 000 0 slo d | ||
| 035 | |a vtls010554841 | ||
| 039 | 9 | |y 201310300901 |z mschk03 | |
| 040 | |a STUSCHK1 |b slo |c STUSCHK1 |e AACR2 | ||
| 100 | 1 | |a Pintérová, Božena | |
| 245 | 1 | |a Programovanie NTX Robotov. Riadenie veternej elektrárne |b bakalárska práca |c Božena Pintérová | |
| 260 | |a Bratislava |b STU FCHPT |c 2013 | ||
| 300 | |a 50 s. |b il. |c 30 cm | ||
| 500 | |a Obhájené: 080.7.2013 | ||
| 500 | |a Štud. program: Automatizácia, informatizácia a manažment v chémii | ||
| 500 | |a Štud. odbor: Automatizácia, priemyselné inžinierstvo | ||
| 500 | |a Škol. pracovisko: Odd. informatizácie a riadenia procesov | ||
| 500 | |a Evid. číslo: FCHPT-5451-68803 | ||
| 910 | |a SCHK95 | ||
| 999 | |c 11979 |d 11979 | ||